Регионална библиотека "Любен Каравелов" - Русе

Криминалистика (Запис номер 37649)

MARC детайли
000 -Лидер
Контролно поле с фиксирана дължина 01423nam a2200301 c 4500
003 - Код на организацията, давaща контролен номер
Контролно поле BLK
005 - Дата и час на последна редакция
Контролно поле 20211222090005.0
008 - Елементи от данни с фиксирана дължина
fixed length control field 180408b bul|||||r ||||||| ||bul||
010 ## - Наследен системен номер
LC control number KNG00040814000
040 ## - Източник на каталожния запис
Идентификатор на билиотеката - собственик на записа BLK
041 ## - Код за език
Код за езика на текст/звукозапис или на отделно заглавие Български
Код за езика КДБФ Български
080 ## - УДК
Текстов определител УДК Криминалистика. Виктимология (Учение за жертвите на престъпленията). Криминална техника. Криминална тактика
УДК код - определител по УДК 343.98
УДК определител (075.8)
УДК - код + определител 343.98(075.8)
100 1# - Редна дума - Автор
Автор Вакарелски, Иван Н.
Авторска отговорност първи автор
R(LIN) 275640
139 ## - Редно поле
Редна дума Вакарелски, Иван Н.
Авторски знак Вак - В 17
245 10 - Сведения за заглавието
Заглавие Криминалистика
Подзаглавни данни Методика за разследване на отделните видове престъпления : Уч. помагало за студентите-юристи
Редно поле (дума) Иван Н. Вакарелски.
257 ## - Страна на издаване
Страна на създаване/издаване България
260 ## - Област на издателските данни
Име на издателя, разпространителя и проч. Наука и изкуство
Година на издаване 1961
Печатница Плевен : Ал. Пъшев
Място на издаване, разпространение и проч. София
300 ## - Физическа характеристика
Страници 271 с.
Размери/Мащаб 21 см
380 ## - Жанр
Жанр Обществени науки
500 ## - Общи забележки
Забележка Библиогр. с. 268. - 3 071 тир.
650 #4 - Допълнително описание по предмет – тема
Основно описание – тема или топоним Криминалистика - учебници за ВУЗ
9 (RLIN) 250909
650 #4 - Допълнително описание по предмет – тема
Основно описание – тема или топоним Престъпления и престъпници
9 (RLIN) 271124
852 ## - Местоположение
Форматна сигнатура Цб 20626
856 4# - Електронен адрес и достъп
Електронен формат pdf - файл
856 4# - Електронен адрес и достъп
Електронен формат pdf - файл
999 ## - СИСТЕМНИ КОНТРОЛНИ НОМЕРА
Koha biblionumber 37649
Koha biblioitemnumber 37649
942 ## - АРТИКУЛИ
Вид на библиотечния материал Книги
Скрит в OPAC Не
Периодичен библиозапис Да
944 ## - СЪЗДАВАНЕ И РЕДАКЦИЯ на ЗАПИСА
Създаване/Редакция Създаване
Дата на регистрацията/редакция 24.08.2016
Служител, извършил регистрацията/редакцията Кети_Илиева
944 ## - СЪЗДАВАНЕ И РЕДАКЦИЯ на ЗАПИСА
Създаване/Редакция Редакция
Дата на регистрацията/редакция 23.06.2017
Служител, извършил регистрацията/редакцията Теодора_Стоянова
999 ## - СИСТЕМНИ КОНТРОЛНИ НОМЕРА
Koha biblioitemnumber 37649
Наличности
Код за отписване Код за изгубен артикул Източник на класификационната схема Код за повреда Коз за рестрикции Код за отдаване Артикулен № Име на библиотеката - собственик Име на библиотеката, в която се намира в момента Статус (Текущо местоположение) Дата на вписване в системата Местоположение - отдел Цена в лева Инвентарен номер Систематично азбучна сигнатура Баркод Номер на екземпляра Цена в евро Служебна бележка Служебен тип на артикула
  Не е изгубен Universal Decimal Classification Не е повреден без рестрикции ползва се в читалня 59132 Регионална библиотека "Любен Каравелов" Русе Регионална библиотека "Любен Каравелов" Русе Хранилище 1961-01-01 Хранилище 1.08 15457/61 Цб 20626 900000087461 1 0.55 Вид: Сф Дата: 01.01.1961 Книги
Изтеглен Не е изгубен Universal Decimal Classification Не е повреден без рестрикции заемане за дома 59133 Регионална библиотека "Любен Каравелов" Русе Регионална библиотека "Любен Каравелов" Русе Заемна - подръчен фонд 1961-01-01 Заемна - подръчен фонд 0.00 14433/61 П 343/В 17 14433/61 2 0.00 Вид: Сф Дата: 01.01.1961 Книги
Vip Innovations Ltd, Rousse, Bulgaria 2025